12 Times Table Game - Statistics

General Stats
  • This quiz has been taken 22,571 times
    22,156 since last reset
  • The average score is 12 of 12
Answer Stats
Problem Answer % Correct
12 x 1 12
99%
12 x 2 24
99%
12 x 10 120
98%
12 x 3 36
98%
12 x 4 48
98%
12 x 5 60
98%
12 x 6 72
98%
12 x 9 108
97%
12 x 12 144
97%
12 x 7 84
97%
12 x 8 96
97%
12 x 11 132
96%
No matching quizzes found
Score Distribution
Percent of People with Each Score
Percentile by Number Answered
Your Score History
You have not taken this quiz since the last reset